000 00450nam a22001577a 4500
020 _a8178085631
040 _cNUST
082 _a658.4038
_bLAU
100 _aLaudon, Kenneth C.
_918040
110 _aLaudon, Jane P.
_9125349
245 _aManagement Information Systems :
_bManaging the Digital Firm
250 _a7th Edition
260 _aSingapore:
_bPearson Education,
_c2002.
650 _aInformations Management
_9125350
942 _2ddc
_cBK
999 _c611105
_d611105